| 000 | 00531nam a2200145Ia 4500 | ||
|---|---|---|---|
| 008 | 151213s9999 xx 000 0 und d | ||
| 100 | _aআাল মুজাহিদী। | ||
| 245 |
_aআল মুজাহিদীর শ্রেষ্ঠ কবিতা। _cআাল মুজাহিদী। |
||
| 260 |
_aঢাকা _bস্টুডেন্ট ওয়েজ। _c1407 |
||
| 300 | _a8680 p. | ||
| 650 | _aBangla | ||
| 650 | _aকবিতাা | ||
| 700 | _aআাল মুজাহিদী। | ||
| 999 |
_c4466 _d4466 |
||